| 000 | 00675nam a2200217 u 4500 | ||
|---|---|---|---|
| 005 | 20240203063607.0 | ||
| 008 | 100603s2007 es r 000 0 spa d | ||
| 020 | _a9788496187733 | ||
| 035 | _aUPN01000176322 | ||
| 049 | _aCG | ||
| 050 | 4 |
_aHQ1237 _bB4.6 |
|
| 100 | 1 |
_aBea Reyes, Arantxa, _d1969- _938341 |
|
| 245 | 1 | 3 |
_aLa niña que quería ser / _cArantxa Bea ; tr. Arantxa Bea. |
| 260 |
_aValencia, Esp. : _bAbisal, _c2007. |
||
| 300 |
_a128 p. : _bgráfs. |
||
| 440 | 0 |
_aPara entender el mundo ; _v4 |
|
| 534 |
_pTítulo original: _tLa xiqueta que volia ser |
||
| 650 | 4 |
_aDiscriminación sexual contra la mujer _95666 |
|
| 650 | 4 |
_aFeminismo _98967 |
|
| 905 | _aLibro | ||
| 999 |
_c148425 _d148425 |
||